000 01259nam a2200337 a 4500
001 000108998
003 CHAP
005 20220329144033.0
008 140327s2013 mx | |sm |||||||spa|d
010 _a105460
011 _a106432
040 _cCHAP
090 _aTesis
100 1 _aGonzález Juárez, Araceli
_949083
245 1 0 _aUn sistema de demanda casi ideal (AIDS) aplicado a cinco granos en México, 1980-2012
_h[En línea]
_cpor Araceli González Juárez.
260 _aChapingo, Méx. :
_bEl autor,
_c2013.
500 _aPara ver el contenido del material haga clic en la liga
502 _aTesis (M.C. en Economía Agrícola y de los Recursos Naturales) -- UACH. División de Ciencias Económico Administrativa
590 _aBATCH-UPD
_b10
_c20141002
_lUCH01
_h0858
590 _aE11695DGD
_b10
_c20140402
_lUCH01
_h1406
590 _aE792CSJ
_b05
_c20140327
_lUCH01
_h0952
590 _aE792CSJ
_b05
_c20140327
_lUCH01
_h0953
650 1 4 _aCereales
_xMercadeo
_xMéxico.
_921442
650 1 4 _aCereales
_zMéxico.
_921481
650 1 4 _aElasticidad de los precios.
_936184
650 1 4 _aOferta y demanda.
_982790
856 _aFinding aid
_uhttp://10.13.5.2/tesis/sist108998.pdf
_zTeclea aquí
901 _aBK
942 _cTESIS
942 _n0
999 _c105460
_d105460